000 00510nam a2200181 a 4500
001 000040320
005 20201002034045.0
008 130821s1966 sp 000 0 spa d
040 _aDO-SdBNP
_bspa
_cBNPHU
100 1 _aSachs, Nelly
_966607
240 1 0 _aDas Leiden Israels
_lespañol
245 1 3 _aLa pasión de israel /
_cNelly Sachs.
260 _aBarcelona :
_bGrijalbo,
_c1966.
300 _a182 p. ;
_c21 cm.
490 1 _aTeatro de hoy
586 _aPremio nobel 1966
830 0 _aTeatro de hoy
_966608
999 _c39810
_d39810